000 00290nam a22001337a 4500
020 _aNA
082 _222
_a629.821
100 _aManke, B. S.
245 _aLinear control systems /
250 _a8th ed.
260 _bKhanna Publishers,
_cc2005.
300 _a0
_bill. ;
942 _2ddc
_cEE
_02
999 _c3988
_d3988